00413nam a22001455i 45000010009000000050017000090080041000260200018000670400013000850820015000981000015001132450095001282600033002233000011002562022822420190601103546.0171221s2018 nyu 000 0 eng  a9789811054501 cPK-LaUMT a712bYUA-U aYuan, Chao00aUrban wind environment :bintegrated climate-sensitive planning and design /cby Chao Yuan aSingapore :bSpringer,c2018 a171 p.